[Event "AUTO-OPEN-3853"]
[Site "http://www.queenalice.com/game.php?id=1496949"]
[Date "2017.9.30"]
[Round "1"]
[White "jeffcom2f"]
[Black "PatJennings1097"]
[Result "1-0"]
[WhiteElo "1667"]
[BlackElo "1466"]

1. e4 d5 2. exd5 Qxd5 3. Nc3 Qd8 4. Nf3 f6 5. Bc4 c6 6. O-O e6 7. d4 Bd6 8. Re1
Ne7 9. a3 O-O 10. Ne4 Qc7 11. b4 b5 12. Nxd6 Qxd6 13. Bb3 Nd5 14. c4 Ne7 15. c5
Qc7 16. Bxe6+ Bxe6 17. Rxe6 Nd7 18. Rxe7 Rae8 19. Qe1 Qd8 20. Rxe8 Rxe8 21. Qd1
Ne5 22. Nxe5 fxe5 23. Bb2 exd4 24. Qxd4 Qe7 25. h3 Rd8 26. Qe5 Qf7 27. f4 Re8
28. Qxg7+ Qxg7 29. Bxg7 Kxg7 30. Kf2 Kf6 31. Re1 Rxe1 32. Kxe1 h5 33. g3 Kf5 34.
Kf2 Ke4 35. Ke2 h4 36. gxh4 Kxf4 37. h5 Kg5 38. Kf3 Kxh5 39. Kg3 a6 40. h4 Kh6
41. Kf4 1-0

[Event "AUTO-OPEN-3853"]
[Site "http://www.queenalice.com/game.php?id=1496950"]
[Date "2017.9.30"]
[Round "1"]
[White "PatJennings1097"]
[Black "jeffcom2f"]
[Result "0-1"]
[WhiteElo "1474"]
[BlackElo "1646"]

1. d4 e6 2. e4 Nf6 3. f3 Be7 4. Bd2 d6 5. Bd3 O-O 6. Qe2 Nc6 7. c3 d5 8. e5 Nd7
9. Bc2 f6 10. Qd3 f5 11. f4 Na5 12. b3 Nc6 13. g4 Bh4+ 14. Ke2 Be7 15. g5 g6 16.
b4 a6 17. a4 Nb6 18. Bb3 a5 19. b5 Nb8 20. c4 dxc4 21. Bxc4 Nxc4 22. Bc1 Nb6 23.
Ba3 Nd5 24. Kf3 Bxa3 25. Rxa3 c6 26. Ne2 Nb4 27. Nd2 Nxd3 0-1

[Event "AUTO-OPEN-3853"]
[Site "http://www.queenalice.com/game.php?id=1496965"]
[Date "2017.9.30"]
[Round "1"]
[White "PatJennings1097"]
[Black "JosephPyehoor"]
[Result "0-1"]
[WhiteElo "1473"]
[BlackElo "1816"]

1. d4 c6 2. e4 d5 3. e5 Bf5 4. Bd3 Bxd3 5. Qxd3 e6 6. a3 Qb6 7. Qc3 c5 8. Ne2 c4
9. Nd2 Nc6 10. Nf3 Qa5 11. Qxa5 Nxa5 12. O-O g6 13. Bg5 Be7 14. Bf6 Nxf6 15.
exf6 Bxf6 16. Rfd1 Ke7 17. Rab1 b5 18. b3 a6 19. b4 Nc6 20. c3 g5 21. g4 h5 22.
h3 hxg4 23. hxg4 Rh3 24. Kg2 Rah8 25. Rh1 Rxh1 26. Rxh1 Rxh1 27. Kxh1 e5 28. Ng3
a5 29. Nf5+ Ke6 30. Ne3 axb4 31. axb4 exd4 32. cxd4 Nxb4 0-1

[Event "AUTO-OPEN-3853"]
[Site "http://www.queenalice.com/game.php?id=1496966"]
[Date "2017.9.30"]
[Round "1"]
[White "JosephPyehoor"]
[Black "PatJennings1097"]
[Result "1-0"]
[WhiteElo "1818"]
[BlackElo "1470"]

1. f3 e5 2. Kf2 Bc5+ 3. e3 d5 4. c3 Bb6 5. d4 e4 6. f4 f5 7. b4 a6 8. a4 Ba7 9.
a5 b5 10. Nh3 h6 11. Qh5+ Ke7 12. Ng5 Qf8 13. Nh3 Nf6 14. Qd1 c6 15. Be2 Be6 16.
Bh5 Bf7 17. Bxf7 Qxf7 18. Bd2 Nbd7 19. Ke1 Ng4 20. Nf2 Nxf2 21. Kxf2 Rag8 22.
Be1 g5 23. g3 g4 24. Ke2 h5 25. Nd2 Rg7 26. Bf2 h4 27. Nb3 hxg3 28. hxg3 Rgh7
29. Rxh7 Rxh7 30. Qd2 Rh2 31. Rg1 Qh5 32. Qe1 Qh3 33. Kd1 1-0

[Event "AUTO-INT-3286"]
[Site "http://www.queenalice.com/game.php?id=1497928"]
[Date "2017.10.8"]
[Round "1"]
[White "bartataca"]
[Black "PatJennings1097"]
[Result "1-0"]
[WhiteElo "1624"]
[BlackElo "1471"]

1. e4 f5 2. e5 e6 3. d4 d5 4. f4 Bb4+ 5. c3 Ba5 6. b4 Bb6 7. a4 a6 8. a5 Ba7 9.
h3 Bd7 10. Nf3 h6 11. Be2 Ne7 12. Nh4 g5 13. Nf3 Ng6 14. O-O g4 15. Ne1 1-0

[Event "AUTO-INT-3286"]
[Site "http://www.queenalice.com/game.php?id=1497929"]
[Date "2017.10.8"]
[Round "1"]
[White "PatJennings1097"]
[Black "bartataca"]
[Result "0-1"]
[WhiteElo "1447"]
[BlackElo "1634"]

1. d4 d5 2. Nc3 Nf6 3. f3 Bf5 4. e3 e6 5. a3 a6 6. Bd3 Bg6 7. Bxg6 hxg6 8. g4
Nfd7 9. f4 Qh4+ 10. Kd2 Nb6 11. b3 Nc6 12. Qe1 Qxg4 13. Nce2 Qg2 14. Nh3 Rxh3
0-1

[Event "AUTO-INT-3286"]
[Site "http://www.queenalice.com/game.php?id=1497944"]
[Date "2017.10.8"]
[Round "1"]
[White "TITAN10"]
[Black "PatJennings1097"]
[Result "1/2-1/2"]
[WhiteElo "1995"]
[BlackElo "1500"]

1. e4 d5 2. exd5 Qxd5 3. Nc3 Qd8 4. h3 e6 5. Bc4 c6 6. Nf3 f6 7. d3 e5 8. O-O
Bd6 9. Re1 g5 10. Nh2 h5 11. Bxg8 Rxg8 12. d4 Qe7 1/2-1/2

[Event "AUTO-INT-3286"]
[Site "http://www.queenalice.com/game.php?id=1497945"]
[Date "2017.10.8"]
[Round "1"]
[White "PatJennings1097"]
[Black "TITAN10"]
[Result "1/2-1/2"]
[WhiteElo "1500"]
[BlackElo "1995"]

1. d4 Nf6 2. Nc3 e6 3. a3 Be7 4. f3 c5 5. Bf4 cxd4 6. Qxd4 Nc6 7. Qd2 O-O 8.
O-O-O d5 9. e3 a6 10. Nge2 Re8 11. Nd4 Nxd4 12. Qxd4 1/2-1/2

[Event "AUTO-INT-3286"]
[Site "http://www.queenalice.com/game.php?id=1497954"]
[Date "2017.10.8"]
[Round "1"]
[White "APSHOOTER"]
[Black "PatJennings1097"]
[Result "1-0"]
[WhiteElo "1671"]
[BlackElo "1500"]

1. e4 d5 2. e5 e6 3. d4 h6 4. a3 g5 5. Nc3 a6 6. Nf3 Ne7 7. Bd3 Bg7 8. h3 f5 9.
g4 f4 10. Bd2 b5 11. Ne2 O-O 12. Nc3 Nd7 13. h4 gxh4 14. Nxh4 Qe8 15. f3 Nb6 16.
Ne2 Bd7 17. Nxf4 Qc8 18. Nhg6 Nxg6 19. Nxg6 Re8 20. Qc1 c5 21. Bxh6 Qc6 22. Qg5
Ra7 23. Bxg7 c4 24. Ne7+ Rxe7 25. Qxe7 Ra8 26. Rh8# 1-0

[Event "AUTO-INT-3286"]
[Site "http://www.queenalice.com/game.php?id=1497955"]
[Date "2017.10.8"]
[Round "1"]
[White "PatJennings1097"]
[Black "APSHOOTER"]
[Result "0-1"]
[WhiteElo "1427"]
[BlackElo "1696"]

1. d4 g6 2. e4 Bg7 3. Nf3 b6 4. d5 Bb7 5. Bc4 Nf6 6. h3 Nxe4 7. O-O Nd6 8. Bb3
e6 9. c4 Nf5 10. Re1 O-O 11. Nc3 exd5 12. cxd5 d6 13. Re2 Nd7 14. g4 Nh4 15. Qd3
Ne5 16. Nxe5 Bxe5 17. f4 Bd4+ 18. Qxd4 Nf3+ 19. Kg2 Nxd4 20. Rd2 Nxb3 21. axb3
Qh4 22. Re2 a5 23. Ra4 Rfe8 24. Ne4 Bxd5 25. Kh2 Bxe4 26. Raxe4 Rxe4 27. Rxe4
Qf2+ 28. Kh1 Qf3+ 0-1

[Event "Let's Play Chess!"]
[Site "http://www.queenalice.com/game.php?id=1501005"]
[Date "2017.10.31"]
[Round "-"]
[White "PatJennings1097"]
[Black "igorjava"]
[Result "0-1"]
[WhiteElo "1475"]
[BlackElo "1976"]

1. d4 d5 2. c4 c6 3. c5 b6 4. b4 b5 5. Nc3 a5 6. a3 axb4 7. Nb1 bxa3 8. Rxa3
Rxa3 9. Nxa3 Qa5+ 10. Qd2 Qc7 11. Bb2 Nf6 12. f3 g6 13. Bc3 Na6 14. Ba5 Qb8 15.
e3 Bh6 16. Bd3 e5 17. Bc3 b4 18. Bxa6 bxc3 19. Qxc3 Bxa6 20. Ne2 e4 21. Nc2 Qb1+
0-1

[Event "Let's Play Chess!"]
[Site "http://www.queenalice.com/game.php?id=1501176"]
[Date "2017.10.31"]
[Round "-"]
[White "Erithacus"]
[Black "PatJennings1097"]
[Result "1-0"]
[WhiteElo "1927"]
[BlackElo "1420"]

1. Nf3 f6 2. e3 e5 3. Be2 d6 4. O-O g5 5. Nc3 c6 6. b3 g4 7. Nh4 f5 8. g3 Be7 9.
Ng2 h5 10. Bb2 Be6 11. d3 Bg5 12. f4 Bh6 13. e4 fxe4 14. Nxe4 Qc7 15. f5 Bf7 16.
Nh4 Qe7 17. c4 c5 18. Nc3 a6 19. Nd5 Bxd5 20. Ng6 Qf6 21. Nxh8 Qxh8 22. Rb1 1-0

[Event "Challenge"]
[Site "http://www.queenalice.com/game.php?id=1501395"]
[Date "2017.10.31"]
[Round "-"]
[White "Nias"]
[Black "PatJennings1097"]
[Result "1/2-1/2"]
[WhiteElo "1711"]
[BlackElo "1462"]

1. d4 d5 2. b3 Bg4 3. Ba3 e6 4. Bxf8 Kxf8 5. h3 Bh5 6. Qd2 Nf6 7. Nc3 c6 8. f3
h6 9. e3 Bg6 10. Bd3 Bxd3 11. Qxd3 Nbd7 1/2-1/2

[Event "Challenge"]
[Site "http://www.queenalice.com/game.php?id=1504876"]
[Date "2017.11.22"]
[Round "-"]
[White "PatJennings1097"]
[Black "LVL"]
[Result "0-1"]
[WhiteElo "1458"]
[BlackElo "1490"]

1. d4 d5 2. Nf3 Nc6 3. h3 Nf6 4. Nc3 e6 5. a3 Be7 6. g4 O-O 7. g5 Ne4 8. Nxe4
dxe4 9. Ne5 Qxd4 10. Qxd4 Nxd4 0-1

[Event "Let's Play Chess!"]
[Site "http://www.queenalice.com/game.php?id=1505496"]
[Date "2017.11.26"]
[Round "-"]
[White "PatJennings1097"]
[Black "igorjava"]
[Result "0-1"]
[WhiteElo "1468"]
[BlackElo "2003"]

1. e4 c5 2. c4 Nc6 3. Nf3 d6 4. h3 Nf6 5. d3 e5 6. Bg5 Be7 7. a3 a6 8. Nc3 O-O
9. h4 Bg4 10. Be2 Nd7 11. Qd2 h6 12. Bxh6 gxh6 13. Qxh6 Bf6 14. h5 Bxf3 15. gxf3
Bg7 0-1